000 00510nam a2200169Ia 4500
999 _c35924
_d35924
003 OSt
005 20201218111735.0
008 190216s9999||||xx |||||||||||||| ||und||
040 _coclc
082 _a380.1032
_bSHA/D
100 _aShastri, S V
_97664
245 0 _aDictionary Of Commercial Terms /
_cS V Shastri
260 _bS Chand & Company,
_c1985.
_aNew Delhi:
300 _a88p
650 _aDictionary Of Commercial Terms
942 _cREF
_2ddc
_h380.1032
_iSHA/D
_k380.1032
_mSHA/D